Loading...

Taptabashpam Adava Margaratt /

Bibliographic Details
Main Author: Joseph, Nadujira
Language:Undetermined
Published: 1944.
LEADER 00381nam a2200121Ia 4500
001 61609
008 170722s9999 xx 000 0 und d
100 |a Joseph, Nadujira 
245 |a Taptabashpam Adava Margaratt / 
260 |c 1944. 
942 |c GEN 
999 |c 38507  |d 38507 
952 |0 0  |1 0  |4 0  |6 O_322NJ036T_H4_KR  |7 0  |9 51483  |a LIB  |b LIB  |d 2017-08-12  |o O32,2NJ036,T H4 (KR)  |p 33991  |r 2017-08-12  |w 2017-08-12  |y GEN